[Event "World Cup 2023"]
[Site "Baku, Azerbaijan"]
[Date "2023.08.02"]
[Round "11.3"]
[White "Lagarde Maxime (FRA)"]
[Black "Praggnanandhaa R (IND)"]
[Result "0-1"]
[WhiteFideId "662399"]
[BlackFideId "25059530"]
[WhiteElo "2599"]
[BlackElo "2690"]

1. e4 {[%clk 01:30:58]} {[%emt 00:00:02]} e5 {[%clk 01:30:11]} {[%emt
00:00:50]} 2. Nf3 {[%clk 01:31:22]} {[%emt 00:00:06]} Nc6 {[%clk 01:30:35]}
{[%emt 00:00:05]} 3. Bb5 {[%clk 01:31:50]} {[%emt 00:00:03]} Nge7 {[%clk
01:30:55]} {[%emt 00:00:10]} 4. Nc3 {[%clk 01:23:21]} {[%emt 00:08:59]} Ng6
{[%clk 01:31:06]} {[%emt 00:00:19]} 5. d4 {[%clk 01:16:14]} {[%emt 00:07:37]}
Nxd4 {[%clk 01:30:16]} {[%emt 00:01:18]} 6. Nxd4 {[%clk 01:15:17]} {[%emt
00:01:29]} exd4 {[%clk 01:30:41]} {[%emt 00:00:04]} 7. Qxd4 {[%clk 01:15:41]}
{[%emt 00:00:06]} c6 {[%clk 01:30:47]} {[%emt 00:00:24]} 8. Be2 {[%clk
01:13:28]} {[%emt 00:02:42]} Qb6 {[%clk 01:30:37]} {[%emt 00:00:42]} 9. Qd3
{[%clk 01:08:37]} {[%emt 00:05:20]} Be7 {[%clk 01:30:32]} {[%emt 00:00:34]} 10.
f4 {[%clk 00:55:33]} {[%emt 00:13:34]} O-O {[%clk 01:05:59]} {[%emt 00:25:03]}
11. h4 {[%clk 00:43:11]} {[%emt 01:13:04]} d5 {[%clk 00:54:25]} {[%emt
00:12:04]} 12. h5 {[%clk 00:36:46]} {[%emt 00:06:55]} dxe4 {[%clk 00:36:12]}
{[%emt 00:18:42]} 13. Qg3 {[%clk 00:36:53]} {[%emt 00:00:23]} Nh4 {[%clk
00:35:45]} {[%emt 00:00:57]} 14. Rxh4 {[%clk 00:36:39]} {[%emt 00:00:45]} Qg1+
{[%clk 00:35:44]} {[%emt 00:00:31]} 15. Bf1 {[%clk 00:37:02]} {[%emt 00:00:08]}
e3 {[%clk 00:34:35]} {[%emt 00:01:38]} 16. Nd1 {[%clk 00:24:34]} {[%emt
00:12:58]} Re8 {[%clk 00:25:03]} {[%emt 00:10:03]} 17. Ke2 {[%clk 00:17:02]}
{[%emt 00:08:02]} Be6 {[%clk 00:18:53]} {[%emt 00:06:39]} 18. b3 {[%clk
00:12:17]} {[%emt 00:05:15]} Rad8 {[%clk 00:17:15]} {[%emt 00:02:07]} 19. Nxe3
{[%clk 00:12:05]} {[%emt 00:00:43]} Bf6 {[%clk 00:12:48]} {[%emt 00:04:57]} 20.
Rb1 {[%clk 00:12:12]} {[%emt 00:00:23]} Bf5 {[%clk 00:07:14]} {[%emt 00:06:03]}
21. Qf2 {[%clk 00:08:15]} {[%emt 00:04:28]} Bxh4 {[%clk 00:06:56]} {[%emt
00:00:49]} 22. Qxh4 {[%clk 00:08:15]} {[%emt 00:00:29]} Bxc2 {[%clk 00:06:11]}
{[%emt 00:01:15]} 23. Qxd8 {[%clk 00:08:32]} {[%emt 00:00:13]} Rxd8 {[%clk
00:06:34]} {[%emt 00:00:06]} 24. Nxc2 {[%clk 00:09:00]} {[%emt 00:00:04]} Qc5
{[%clk 00:05:22]} {[%emt 00:01:41]} 25. Ne3 {[%clk 00:08:34]} {[%emt 00:00:56]}
Re8 {[%clk 00:04:48]} {[%emt 00:01:03]} 26. Kf3 {[%clk 00:08:23]} {[%emt
00:00:41]} Qd4 {[%clk 00:04:23]} {[%emt 00:00:55]} 27. Ke2 {[%clk 00:06:41]}
{[%emt 00:02:13]} Qc5 {[%clk 00:03:48]} {[%emt 00:01:05]} 28. Kf3 {[%clk
00:07:00]} {[%emt 00:00:10]} Qxh5+ {[%clk 00:04:08]} {[%emt 00:00:11]} 29. g4
{[%clk 00:05:38]} {[%emt 00:01:52]} Qh1+ {[%clk 00:04:13]} {[%emt 00:00:24]} 30.
Kg3 {[%clk 00:06:06]} {[%emt 00:00:03]} Re6 {[%clk 00:01:33]} {[%emt 00:03:10]}
31. Bd2 {[%clk 00:05:21]} {[%emt 00:01:15]} h5 {[%clk 00:01:20]} {[%emt
00:00:43]} 32. gxh5 {[%clk 00:04:21]} {[%emt 00:01:29]} Qxh5 {[%clk 00:01:29]}
{[%emt 00:00:21]} 33. Re1 {[%clk 00:04:11]} {[%emt 00:00:41]} Rg6+ {[%clk
00:01:08]} {[%emt 00:00:51]} 34. Kf2 {[%clk 00:04:38]} {[%emt 00:00:02]} Qh4+
{[%clk 00:01:29]} {[%emt 00:00:09]} 35. Kf3 {[%clk 00:04:56]} {[%emt 00:00:12]}
Qg3+ {[%clk 00:01:29]} {[%emt 00:00:30]} 36. Ke4 {[%clk 00:05:04]} {[%emt
00:00:22]} Rd6 {[%clk 00:00:52]} {[%emt 00:01:09]} 37. Re2 {[%clk 00:05:10]}
{[%emt 00:00:23]} f5+ {[%clk 00:01:03]} {[%emt 00:00:18]} 0-1

[Event "World Cup 2023"]
[Site "Baku, Azerbaijan"]
[Date "2023.08.02"]
[Round "11.4"]
[White "Keymer Vincent (GER)"]
[Black "Dardha Daniel (BEL)"]
[Result "1-0"]
[WhiteFideId "12940690"]
[BlackFideId "240990"]
[WhiteElo "2690"]
[BlackElo "2600"]

1. Nf3 {[%clk 01:30:56]} {[%emt 00:00:05]} d5 {[%clk 01:30:40]} {[%emt
00:00:19]} 2. g3 {[%clk 01:31:20]} {[%emt 00:00:06]} g6 {[%clk 01:28:41]}
{[%emt 00:02:29]} 3. Bg2 {[%clk 01:31:45]} {[%emt 00:00:05]} Bg7 {[%clk
01:28:57]} {[%emt 00:00:14]} 4. d4 {[%clk 01:32:10]} {[%emt 00:00:05]} Nf6
{[%clk 01:26:56]} {[%emt 00:02:31]} 5. O-O {[%clk 01:32:20]} {[%emt 00:00:19]}
c6 {[%clk 01:26:38]} {[%emt 00:00:48]} 6. a4 {[%clk 01:29:49]} {[%emt
00:03:01]} O-O {[%clk 01:21:09]} {[%emt 00:05:59]} 7. a5 {[%clk 01:29:39]}
{[%emt 00:00:41]} c5 {[%clk 01:04:20]} {[%emt 00:17:19]} 8. dxc5 {[%clk
00:57:31]} {[%emt 00:32:38]} Nc6 {[%emt 01:11:48]} 9. c4 {[%clk 00:52:40]} dxc4
{[%clk 00:33:31]} {[%emt 00:25:34]} 10. Nc3 {[%clk 00:50:23]} {[%emt 00:02:47]}
a6 {[%clk 00:26:41]} {[%emt 00:07:20]} 11. Qa4 {[%clk 00:45:45]} {[%emt
00:05:08]} Nd5 {[%clk 00:21:34]} {[%emt 00:05:36]} 12. Rd1 {[%clk 00:41:20]}
{[%emt 00:04:55]} Nxc3 {[%clk 00:20:54]} {[%emt 00:01:10]} 13. bxc3 {[%clk
00:41:40]} {[%emt 00:00:11]} Bd7 {[%clk 00:16:48]} {[%emt 00:04:36]} 14. Qxc4
{[%clk 00:40:30]} {[%emt 00:01:40]} Qc8 {[%clk 00:16:39]} {[%emt 00:00:38]} 15.
Nd4 {[%clk 00:36:06]} {[%emt 00:09:27]} Rd8 {[%clk 00:14:21]} 16. Be3 {[%clk
00:30:41]} {[%emt 00:04:11]} Qc7 {[%clk 00:13:09]} {[%emt 00:01:42]} 17. Rdb1
{[%clk 00:26:27]} {[%emt 00:04:43]} Rac8 {[%clk 00:09:16]} {[%emt 00:04:23]} 18.
Rb6 {[%clk 00:25:31]} {[%emt 00:01:27]} Nxa5 {[%clk 00:08:05]} {[%emt
00:01:41]} 19. Qa2 {[%clk 00:25:47]} {[%emt 00:00:14]} Nc4 {[%clk 00:03:14]}
{[%emt 00:05:21]} 20. Rxb7 {[%clk 00:23:55]} {[%emt 00:02:22]} Qxc5 {[%clk
00:03:39]} {[%emt 00:00:05]} 21. Ne6 {[%clk 00:22:31]} {[%emt 00:01:54]} Qxe3
{[%clk 00:02:47]} {[%emt 00:01:21]} 22. fxe3 {[%clk 00:18:49]} {[%emt
00:04:12]} Bxe6 {[%clk 00:03:13]} {[%emt 00:00:04]} 23. Rxe7 {[%clk 00:19:10]}
{[%emt 00:00:10]} Bxc3 {[%clk 00:01:52]} {[%emt 00:01:51]} 24. Rf1 {[%clk
00:16:00]} {[%emt 00:03:40]} Bg7 {[%clk 00:00:33]} {[%emt 00:01:49]} 25. Rxe6
{[%clk 00:12:05]} {[%emt 00:04:25]} fxe6 {[%clk 00:00:59]} {[%emt 00:00:04]} 26.
Bh3 {[%clk 00:12:23]} {[%emt 00:00:11]} Kh8 {[%clk 00:00:44]} {[%emt 00:00:46]}
27. Bxe6 {[%clk 00:11:32]} {[%emt 00:01:21]} Nxe3 {[%clk 00:01:10]} {[%emt
00:00:04]} 28. Bxc8 {[%clk 00:08:34]} {[%emt 00:03:29]} Nxf1 {[%clk 00:01:35]}
{[%emt 00:00:05]} 29. Kxf1 {[%clk 00:05:31]} {[%emt 00:03:33]} Rxc8 {[%clk
00:02:04]} 30. Qxa6 {[%clk 00:05:54]} Rf8+ {[%clk 00:02:31]} {[%emt 00:00:09]}
31. Kg2 {[%clk 00:05:41]} {[%emt 00:00:43]} Rf6 {[%clk 00:02:50]} {[%emt
00:00:11]} 32. Qc8+ {[%clk 00:04:15]} {[%emt 00:01:56]} Rf8 {[%clk 00:03:18]}
{[%emt 00:00:01]} 33. Qe6 {[%clk 00:04:13]} {[%emt 00:00:32]} Rf6 {[%clk
00:01:23]} {[%emt 00:02:25]} 34. Qe7 {[%clk 00:02:15]} {[%emt 00:02:29]} h5
{[%clk 00:00:35]} {[%emt 00:01:18]} 35. e4 {[%clk 00:01:59]} {[%emt 00:00:45]}
Ra6 {[%clk 00:00:31]} {[%emt 00:00:34]} 36. e5 {[%clk 00:02:05]} {[%emt
00:00:24]} Ra2+ {[%clk 00:00:32]} {[%emt 00:00:29]} 37. Kf3 {[%clk 00:02:10]}
{[%emt 00:00:25]} Rxh2 {[%clk 00:00:42]} {[%emt 00:00:20]} 38. e6 {[%clk
00:02:21]} {[%emt 00:00:19]} Kh7 {[%clk 00:00:31]} {[%emt 00:00:41]} 39. Qf7
{[%clk 00:01:43]} {[%emt 00:01:08]} Rh1 {[%clk 00:00:31]} {[%emt 00:00:30]} 40.
Kg2 {[%clk 00:02:00]} {[%emt 00:00:13]} 1-0

[Event "World Cup 2023"]
[Site "Baku, Azerbaijan"]
[Date "2023.08.02"]
[Round "11.5"]
[White "Salinas Herrera Pablo (CHI)"]
[Black "Tabatabaei M. Amin (IRI)"]
[Result "1/2-1/2"]
[WhiteFideId "3407128"]
[BlackFideId "12521213"]
[WhiteElo "2468"]
[BlackElo "2689"]

1. e4 {[%clk 01:30:58]} {[%emt 00:00:01]} c5 {[%clk 01:30:46]} {[%emt
00:00:14]} 2. Nf3 {[%clk 01:31:21]} {[%emt 00:00:07]} d6 {[%clk 01:31:11]}
{[%emt 00:00:06]} 3. Bb5+ {[%clk 01:30:47]} {[%emt 00:01:04]} Nd7 {[%clk
01:31:27]} {[%emt 00:00:12]} 4. a4 {[%clk 01:31:12]} {[%emt 00:00:06]} Ngf6
{[%clk 01:31:34]} {[%emt 00:00:24]} 5. Nc3 {[%clk 01:31:37]} {[%emt 00:00:05]}
a6 {[%clk 01:31:42]} {[%emt 00:00:22]} 6. Be2 {[%clk 01:32:00]} {[%emt
00:00:06]} b6 {[%clk 01:31:57]} {[%emt 00:00:16]} 7. d4 {[%clk 01:32:11]}
{[%emt 00:00:19]} cxd4 {[%clk 01:32:22]} {[%emt 00:00:06]} 8. Qxd4 {[%clk
01:32:37]} {[%emt 00:00:04]} Bb7 {[%clk 01:32:45]} {[%emt 00:00:07]} 9. O-O
{[%clk 01:32:49]} {[%emt 00:00:18]} e6 {[%clk 01:33:09]} {[%emt 00:00:07]} 10.
Rd1 {[%clk 01:31:13]} {[%emt 00:02:05]} Qc7 {[%clk 01:33:20]} {[%emt 00:00:20]}
11. Bg5 {[%clk 01:29:15]} {[%emt 00:02:27]} h6 {[%clk 01:33:15]} {[%emt
00:00:35]} 12. Bh4 {[%clk 01:29:38]} {[%emt 00:00:07]} Be7 {[%clk 01:33:32]}
{[%emt 00:00:13]} 13. Bg3 {[%clk 01:22:59]} {[%emt 00:07:10]} e5 {[%clk
01:33:45]} {[%emt 00:00:16]} 14. Qe3 {[%clk 01:23:25]} {[%emt 00:00:04]} Rd8
{[%clk 01:34:00]} {[%emt 00:00:16]} 15. Nd2 {[%clk 01:19:27]} {[%emt 00:04:27]}
O-O {[%clk 01:33:40]} {[%emt 00:00:50]} 16. Bh4 {[%clk 01:11:49]} {[%emt
00:08:08]} Rfe8 {[%clk 01:20:37]} {[%emt 00:13:33]} 17. Bxf6 {[%clk 01:01:36]}
{[%emt 00:10:42]} Nxf6 {[%clk 01:20:13]} {[%emt 00:00:54]} 18. Nc4 {[%clk
01:01:22]} {[%emt 00:00:44]} d5 {[%clk 01:11:59]} {[%emt 00:08:44]} 19. Nxd5
{[%clk 00:50:20]} {[%emt 01:11:44]} Nxd5 {[%clk 01:10:55]} {[%emt 00:01:33]} 20.
exd5 {[%clk 00:50:44]} {[%emt 00:00:06]} Bc5 {[%clk 01:09:10]} {[%emt
00:02:15]} 21. Qe4 {[%clk 00:43:12]} {[%emt 00:08:02]} Bd4 {[%clk 01:05:11]}
{[%emt 00:04:29]} 22. Ne3 {[%clk 00:43:36]} {[%emt 00:00:06]} Bxb2 {[%clk
01:05:19]} {[%emt 00:00:21]} 23. Rab1 {[%clk 00:44:00]} {[%emt 00:00:07]} Bd4
{[%clk 01:02:12]} {[%emt 00:03:38]} 24. c4 {[%clk 00:40:37]} {[%emt 00:03:53]}
Bc5 {[%clk 01:01:29]} {[%emt 00:01:12]} 25. h4 {[%clk 00:39:27]} {[%emt
00:01:39]} g6 {[%clk 00:47:56]} {[%emt 00:14:04]} 26. a5 {[%clk 00:32:56]}
{[%emt 00:07:02]} f5 {[%clk 00:43:46]} {[%emt 00:04:39]} 27. Qc2 {[%clk
00:32:06]} {[%emt 00:01:20]} bxa5 {[%clk 00:34:09]} {[%emt 00:10:08]} 28. h5
{[%clk 00:31:28]} {[%emt 00:01:07]} Bxe3 {[%clk 00:34:11]} {[%emt 00:00:28]} 29.
fxe3 {[%clk 00:31:53]} {[%emt 00:00:06]} Bxd5 {[%clk 00:34:26]} {[%emt
00:00:15]} 30. hxg6 {[%clk 00:31:06]} {[%emt 00:01:16]} Be4 {[%clk 00:32:01]}
{[%emt 00:02:54]} 31. Bd3 {[%clk 00:31:30]} {[%emt 00:00:07]} Qc5 {[%clk
00:31:51]} {[%emt 00:00:41]} 32. Bxe4 {[%clk 00:29:44]} {[%emt 00:02:16]} Qxe3+
{[%clk 00:31:53]} {[%emt 00:00:28]} 33. Qf2 {[%clk 00:30:09]} {[%emt 00:00:05]}
Qxf2+ {[%clk 00:30:58]} {[%emt 00:01:25]} 34. Kxf2 {[%clk 00:30:35]} {[%emt
00:00:04]} fxe4 {[%clk 00:31:22]} {[%emt 00:00:07]} 35. Ke3 {[%clk 00:31:00]}
{[%emt 00:00:04]} Rd4 {[%clk 00:27:04]} {[%emt 00:04:48]} 36. c5 {[%clk
00:31:14]} {[%emt 00:00:16]} Kg7 {[%clk 00:26:44]} {[%emt 00:00:50]} 37. Rb7+
{[%clk 00:14:06]} {[%emt 00:17:38]} Kxg6 {[%clk 00:26:47]} {[%emt 00:00:27]} 38.
Rb6+ {[%clk 00:14:18]} {[%emt 00:00:19]} Kg5 {[%clk 00:16:49]} {[%emt
00:10:27]} 39. Rc1 {[%clk 00:12:09]} {[%emt 00:02:38]} Rb4 {[%clk 00:02:45]}
{[%emt 00:14:34]} 40. Rd6 {[%clk 00:05:32]} {[%emt 00:07:08]} Rc8 {[%clk
00:01:00]} {[%emt 00:02:15]} 41. c6 {[%clk 00:26:48]} {[%emt 00:09:14]} Rc7
{[%clk 00:24:01]} {[%emt 00:07:29]} 42. Rf1 {[%clk 00:24:39]} {[%emt 00:02:39]}
Rc4 {[%clk 00:19:54]} {[%emt 00:04:37]} 43. Rff6 {[%clk 00:24:52]} {[%emt
00:00:17]} Rg7 {[%clk 00:20:11]} {[%emt 00:00:13]} 44. Rxh6 {[%clk 00:23:37]}
{[%emt 00:01:45]} a4 {[%clk 00:19:35]} {[%emt 00:01:06]} 45. Rhe6 {[%clk
00:23:37]} {[%emt 00:00:29]} Kh4 {[%clk 00:11:59]} {[%emt 00:08:06]} 46. Rh6+
{[%clk 00:18:41]} {[%emt 00:05:26]} Kg3 {[%clk 00:10:59]} {[%emt 00:01:26]} 47.
Rd7 {[%clk 00:15:34]} {[%emt 00:03:42]} Rxd7 {[%clk 00:05:28]} {[%emt
00:06:01]} 48. Rg6 {[%clk 00:14:58]} {[%emt 00:01:06]} Kh4 {[%clk 00:05:08]}
{[%emt 00:00:48]} 49. cxd7 {[%clk 00:15:18]} {[%emt 00:00:12]} Rd4 {[%clk
00:05:37]} 50. Rxa6 {[%clk 00:15:31]} {[%emt 00:00:17]} Rxd7 {[%clk 00:05:57]}
{[%emt 00:00:09]} 51. Rxa4 {[%clk 00:15:53]} {[%emt 00:00:09]} Rd4 {[%clk
00:06:14]} {[%emt 00:00:13]} 52. Rxd4 {[%clk 00:16:16]} {[%emt 00:00:06]} exd4+
{[%clk 00:06:41]} {[%emt 00:00:03]} 53. Kxe4 {[%clk 00:16:40]} {[%emt
00:00:05]} Kg3 {[%clk 00:07:10]} {[%emt 00:00:02]} 54. Kxd4 {[%clk 00:17:04]}
{[%emt 00:00:07]} Kxg2 {[%clk 00:06:53]} {[%emt 00:00:02]} 1/2-1/2

[Event "World Cup 2023"]
[Site "Baku, Azerbaijan"]
[Date "2023.08.02"]
[Round "11.6"]
[White "Navara David (CZE)"]
[Black "Huschenbeth Niclas (GER)"]
[Result "1/2-1/2"]
[WhiteFideId "309095"]
[BlackFideId "24604747"]
[WhiteElo "2689"]
[BlackElo "2603"]

1. e4 {[%clk 01:30:57]} {[%emt 00:00:02]} e5 {[%clk 01:30:56]} {[%emt
00:00:05]} 2. Nf3 {[%clk 01:31:23]} {[%emt 00:00:04]} Nc6 {[%clk 01:31:22]}
{[%emt 00:00:04]} 3. Bc4 {[%clk 01:31:47]} {[%emt 00:00:06]} Nf6 {[%clk
01:31:40]} {[%emt 00:00:12]} 4. d3 {[%clk 01:32:11]} {[%emt 00:00:06]} Bc5
{[%clk 01:31:59]} {[%emt 00:00:11]} 5. Bg5 {[%clk 01:32:34]} {[%emt 00:00:07]}
h6 {[%clk 01:30:47]} {[%emt 00:01:42]} 6. Bh4 {[%clk 01:33:00]} {[%emt
00:00:05]} Be7 {[%clk 01:30:36]} {[%emt 00:00:42]} 7. Bg3 {[%clk 01:31:19]}
{[%emt 00:02:10]} d6 {[%clk 01:30:14]} {[%emt 00:00:52]} 8. a4 {[%clk
01:26:44]} {[%emt 00:05:05]} Bg4 {[%clk 01:09:49]} {[%emt 00:20:54]} 9. h3
{[%clk 01:24:45]} {[%emt 00:02:30]} Be6 {[%clk 01:10:00]} {[%emt 00:00:20]} 10.
Bxe6 {[%clk 01:23:08]} {[%emt 00:02:06]} fxe6 {[%clk 01:10:23]} {[%emt
00:00:07]} 11. c3 {[%clk 01:20:46]} {[%emt 00:02:52]} O-O {[%clk 01:10:11]}
{[%emt 00:00:41]} 12. b4 {[%clk 01:14:28]} {[%emt 00:06:48]} Qe8 {[%clk
01:03:47]} {[%emt 00:06:54]} 13. Qb3 {[%clk 01:07:45]} {[%emt 00:07:13]} Nd8
{[%clk 01:02:40]} {[%emt 00:01:37]} 14. Nbd2 {[%clk 01:07:11]} {[%emt
00:01:04]} Nh5 {[%clk 01:01:10]} {[%emt 00:02:00]} 15. O-O {[%clk 01:04:03]}
{[%emt 01:03:48]} Qg6 {[%clk 00:56:42]} {[%emt 00:04:59]} 16. Kh2 {[%clk
01:03:05]} {[%emt 00:01:27]} Nf7 {[%clk 00:44:14]} {[%emt 00:12:59]} 17. d4
{[%clk 00:58:51]} {[%emt 00:04:43]} Bg5 {[%clk 00:38:50]} {[%emt 00:05:55]} 18.
Rae1 {[%clk 00:41:16]} {[%emt 00:18:04]} Bxd2 {[%clk 00:32:01]} {[%emt
00:07:20]} 19. Nxd2 {[%clk 00:41:32]} {[%emt 00:00:13]} Qf6 {[%clk 00:32:10]}
{[%emt 00:00:21]} 20. Qd1 {[%clk 00:26:42]} {[%emt 00:15:21]} Nf4 {[%clk
00:31:05]} {[%emt 00:01:35]} 21. Nc4 {[%clk 00:25:39]} {[%emt 00:01:32]} b6
{[%clk 00:24:37]} {[%emt 00:06:59]} 22. Qd2 {[%clk 00:15:58]} {[%emt 00:10:11]}
g5 {[%clk 00:23:45]} {[%emt 00:01:22]} 23. f3 {[%clk 00:14:32]} {[%emt
00:01:56]} h5 {[%clk 00:23:49]} {[%emt 00:00:26]} 24. Rd1 {[%clk 00:12:37]}
{[%emt 00:02:25]} Rad8 {[%clk 00:22:05]} {[%emt 00:02:14]} 25. a5 {[%clk
00:12:15]} {[%emt 00:00:53]} b5 {[%clk 00:20:45]} {[%emt 00:01:50]} 26. Ne3
{[%clk 00:11:05]} {[%emt 00:01:39]} a6 {[%clk 00:19:43]} {[%emt 00:01:32]} 27.
d5 {[%clk 00:10:47]} {[%emt 00:00:48]} Rc8 {[%clk 00:13:17]} {[%emt 00:06:56]}
28. c4 {[%clk 00:08:52]} {[%emt 00:02:25]} bxc4 {[%clk 00:12:37]} {[%emt
00:01:11]} 29. Rc1 {[%clk 00:09:00]} {[%emt 00:00:21]} c6 {[%clk 00:08:09]}
{[%emt 00:04:58]} 30. dxc6 {[%clk 00:07:15]} {[%emt 00:02:14]} Rxc6 {[%clk
00:08:19]} {[%emt 00:00:20]} 31. Rxc4 {[%clk 00:04:09]} {[%emt 00:03:36]} Rxc4
{[%clk 00:03:20]} {[%emt 00:05:30]} 32. Nxc4 {[%clk 00:04:34]} {[%emt
00:00:04]} d5 {[%clk 00:03:10]} {[%emt 00:00:40]} 33. Nb6 {[%clk 00:03:32]}
{[%emt 00:01:32]} Rd8 {[%clk 00:03:37]} {[%emt 00:00:03]} 34. Bxf4 {[%clk
00:00:45]} {[%emt 00:03:17]} dxe4 {[%clk 00:03:38]} {[%emt 00:00:29]} 35. Bxg5
{[%clk 00:00:44]} {[%emt 00:00:31]} Nxg5 {[%clk 00:03:59]} {[%emt 00:00:09]} 36.
fxe4 {[%clk 00:00:37]} {[%emt 00:00:37]} Rxd2 {[%clk 00:03:23]} {[%emt
00:01:07]} 37. Rxf6 {[%clk 00:01:01]} {[%emt 00:00:04]} Kg7 {[%clk 00:03:30]}
{[%emt 00:00:24]} 38. Rf1 {[%clk 00:01:19]} {[%emt 00:00:12]} Rb2 {[%clk
00:03:07]} {[%emt 00:00:53]} 39. Nd7 {[%clk 00:00:34]} {[%emt 00:01:14]} Rxb4
{[%clk 00:02:29]} {[%emt 00:01:08]} 40. Nxe5 {[%clk 00:00:37]} {[%emt
00:00:27]} Rxe4 {[%clk 00:01:55]} {[%emt 00:01:04]} 41. Nc6 {[%clk 00:27:25]}
{[%emt 00:03:42]} Rc4 {[%clk 00:23:14]} {[%emt 00:09:11]} 42. Nb8 {[%clk
00:27:27]} {[%emt 00:00:28]} Ra4 {[%clk 00:23:20]} {[%emt 00:00:25]} 43. Nxa6
{[%clk 00:27:45]} {[%emt 00:00:12]} Rxa5 {[%clk 00:23:44]} {[%emt 00:00:06]} 44.
Nc7 {[%clk 00:28:04]} {[%emt 00:00:10]} Ra4 {[%clk 00:19:04]} {[%emt 00:05:10]}
45. Ne8+ {[%clk 00:27:35]} {[%emt 00:00:59]} Kg6 {[%clk 00:17:59]} {[%emt
00:01:35]} 46. Rf6+ {[%clk 00:27:14]} {[%emt 00:00:50]} Kh7 {[%clk 00:18:12]}
{[%emt 00:00:18]} 47. Nc7 {[%clk 00:27:24]} {[%emt 00:00:20]} Kg7 {[%clk
00:17:17]} {[%emt 00:01:25]} 48. Ne8+ {[%clk 00:27:47]} {[%emt 00:00:07]} Kh7
{[%clk 00:17:43]} {[%emt 00:00:04]} 49. Nc7 {[%clk 00:28:02]} {[%emt 00:00:15]}
Kg7 {[%clk 00:18:07]} {[%emt 00:00:06]} 1/2-1/2

[Event "World Cup 2023"]
[Site "Baku, Azerbaijan"]
[Date "2023.08.02"]
[Round "11.7"]
[White "Fier Alexandr (BRA)"]
[Black "Robson Ray (USA)"]
[Result "1/2-1/2"]
[WhiteFideId "2107139"]
[BlackFideId "2023970"]
[WhiteElo "2604"]
[BlackElo "2689"]

1. d4 {[%clk 01:30:57]} {[%emt 00:00:02]} Nf6 {[%clk 01:30:27]} {[%emt
00:00:25]} 2. c4 {[%clk 01:31:24]} {[%emt 00:00:11]} e6 {[%clk 01:30:41]}
{[%emt 00:00:16]} 3. g3 {[%clk 01:31:49]} {[%emt 00:00:06]} d5 {[%clk
01:30:32]} {[%emt 00:00:38]} 4. Nf3 {[%clk 01:32:14]} {[%emt 00:00:05]} Bb4+
{[%clk 01:30:27]} {[%emt 00:00:33]} 5. Bd2 {[%clk 01:32:40]} {[%emt 00:00:06]}
Be7 {[%clk 01:30:32]} {[%emt 00:00:25]} 6. Bg2 {[%clk 01:33:06]} {[%emt
00:00:05]} O-O {[%clk 01:30:41]} {[%emt 00:00:20]} 7. O-O {[%clk 01:33:31]}
{[%emt 00:00:05]} Nbd7 {[%clk 01:30:36]} {[%emt 00:00:35]} 8. Qc2 {[%clk
01:33:56]} {[%emt 00:00:06]} c6 {[%clk 01:30:29]} {[%emt 00:00:37]} 9. Bf4
{[%clk 01:34:20]} {[%emt 00:00:05]} b6 {[%clk 01:30:17]} {[%emt 00:00:42]} 10.
Nbd2 {[%clk 01:34:42]} {[%emt 00:00:09]} Bb7 {[%clk 01:24:57]} {[%emt
00:05:49]} 11. e4 {[%clk 01:30:42]} {[%emt 00:04:30]} Nh5 {[%clk 01:24:51]}
{[%emt 00:00:37]} 12. Be3 {[%clk 01:30:54]} {[%emt 00:00:17]} Nhf6 {[%clk
01:25:00]} {[%emt 00:00:21]} 13. h4 {[%clk 01:22:49]} {[%emt 00:08:36]} dxe4
{[%clk 01:24:36]} {[%emt 00:00:54]} 14. Nxe4 {[%clk 01:20:30]} {[%emt
00:02:48]} c5 {[%clk 01:24:30]} {[%emt 00:00:36]} 15. Nxf6+ {[%clk 01:19:33]}
{[%emt 00:01:27]} Nxf6 {[%clk 01:24:31]} {[%emt 00:00:29]} 16. Rad1 {[%clk
01:15:49]} {[%emt 00:04:14]} Qc8 {[%clk 01:11:29]} {[%emt 00:13:33]} 17. Qe2
{[%clk 01:12:23]} {[%emt 00:03:55]} Rd8 {[%clk 01:06:04]} {[%emt 00:05:55]} 18.
dxc5 {[%clk 01:05:47]} {[%emt 00:07:06]} Bxc5 {[%clk 01:02:53]} {[%emt
01:03:51]} 19. Rxd8+ {[%clk 01:05:10]} Qxd8 {[%clk 01:03:15]} {[%emt 00:01:15]}
20. Bxc5 {[%clk 01:05:38]} {[%emt 00:00:03]} bxc5 {[%clk 01:03:33]} {[%emt
00:00:12]} 21. Ne5 {[%clk 01:06:01]} {[%emt 00:00:07]} Bxg2 {[%clk 00:59:56]}
{[%emt 00:04:07]} 22. Kxg2 {[%clk 01:06:25]} {[%emt 00:00:06]} Qc7 {[%clk
00:51:13]} {[%emt 00:09:12]} 23. Rd1 {[%clk 01:06:27]} {[%emt 00:00:28]} h5
{[%clk 00:48:00]} {[%emt 00:03:43]} 24. b3 {[%clk 00:57:41]} {[%emt 00:09:17]}
a5 {[%clk 00:44:15]} {[%emt 00:04:15]} 25. Qf3 {[%clk 00:45:05]} {[%emt
00:13:06]} Rf8 {[%clk 00:18:14]} {[%emt 00:26:30]} 26. Qf4 {[%clk 00:44:15]}
{[%emt 00:01:20]} Qb7+ {[%clk 00:16:44]} {[%emt 00:02:01]} 27. Qf3 {[%clk
00:32:57]} {[%emt 00:11:48]} Qc7 {[%clk 00:17:05]} {[%emt 00:00:09]} 28. Qf4
{[%clk 00:33:22]} {[%emt 00:00:04]} Qb7+ {[%clk 00:17:28]} {[%emt 00:00:07]} 29.
Qf3 {[%clk 00:28:46]} {[%emt 00:05:07]} Qc7 {[%emt 00:01:32]} 1/2-1/2